[Event "Baltija Cup 18th"]
[Site "Palanga"]
[Date "2022.06.23"]
[Round "7"]
[White "Vidruska, Renate"]
[Black "Bagdanskis, Dangis"]
[Result "1/2-1/2"]
[WhiteElo "1929"]
[BlackElo "2034"]
[PlyCount "66"]
[EventDate "2022.06.20"]
[EventType "swiss"]
[EventRounds "7"]
[EventCountry "LTU"]
[SourceTitle "CBM 209 Extra"]
[Source "ChessBase"]
[SourceDate "2022.09.30"]
[SourceVersion "1"]
[SourceVersionDate "2022.09.30"]
[SourceQuality "1"]

1. e4 c6 2. d4 d5 3. Nd2 dxe4 4. Nxe4 Nf6 5. Nxf6+ exf6 6. c3 Bf5 7. Ne2 Bd6 8. Ng3 Bg6 9. Be2 Qc7 10. 0-0 0-0 11. Be3 Re8 12. Qd2 Nd7 13. c4 Rad8 14. b4 b6 15. f4 h6 16. Rf3 c5 17. bxc5 Nxc5 18. Raf1 Ne4 19. Nxe4 Bxe4 20. Rh3 f5 21. Rc1 Qe7 22. Bd1 Ba3 23. Ra1 Qf6 24. Ba4 Re7 25. Rd1 Rc7 26. Qe2 Rdc8 27. Bb3 Re7 28. Qd2 Rd7 29. Qe2 Bb4 30. Rg3 Rd6 31. d5 Bc5 32. Qf2 a5 33. Bd4 Bxd4 1/2-1/2

[Event "LTU-ch U18"]
[Site "Kaunas"]
[Date "2022.02.19"]
[Round "6"]
[White "Posaskov, Nikita"]
[Black "Bagdanskis, Dangis"]
[Result "0-1"]
[WhiteElo "1864"]
[BlackElo "1945"]
[PlyCount "120"]
[EventDate "2022.02.16"]
[EventType "swiss"]
[EventRounds "7"]
[EventCountry "LTU"]
[SourceTitle "CBM 207 Extra"]
[Source "ChessBase"]
[SourceDate "2022.05.31"]
[SourceVersion "1"]
[SourceVersionDate "2022.05.31"]
[SourceQuality "1"]

1. d4 d5 2. c4 e6 3. Nc3 Nf6 4. cxd5 exd5 5. Bg5 Nbd7 6. e3 c6 7. Bd3 Bd6 8. Nf3 0-0 9. Qc2 h6 10. Bh4 a5 11. 0-0 Re8 12. Rae1 Be7 13. Nd2 Nf8 14. f3 b5 15. Bf2 Be6 16. Ne2 Qb6 17. Nb3 N6d7 18. e4 a4 19. Nc5 Nxc5 20. dxc5 Qa7 21. Nd4 Bxc5 22. Nxc6 Bxf2+ 23. Qxf2 Qb7 24. Nb4 Rac8 25. exd5 Bxd5 26. Rxe8 Rxe8 27. Qc5 Be6 28. a3 Rb8 29. Be4 Nd7 30. Qd6 Qb6+ 31. Qxb6 Nxb6 32. Nc6 Re8 33. Nd4 Bd7 34. Bd3 Re5 35. Rd1 Rd5 36. Be2 g5 37. Kf2 f5 38. Ke1 Re5 39. Nc2 Be6 40. Kf2 Bc4 41. Rd2 f4 42. Nd4 Bxe2 43. Rxe2 Rd5 44. Re4 Nc4 45. Nxb5 Nxb2 46. Nd4 Nd1+ 47. Kf1 Ne3+ 48. Kf2 Kf7 49. Ke2 Nxg2 50. Kd3 Ne3 51. Kc3 h5 52. h4 Ng2 53. Kc4 Rd8 54. hxg5 h4 55. Nf5 h3 56. Nh6+ Kf8 57. Ng4 Rb8 58. Rd4 Rb3 59. Rd3 Ne3+ 60. Nxe3 Rxd3 0-1

[Event "LTU-ch U18"]
[Site "Kaunas"]
[Date "2022.02.18"]
[Round "4"]
[White "Indriunas, Matas"]
[Black "Bagdanskis, Dangis"]
[Result "1/2-1/2"]
[WhiteElo "2131"]
[BlackElo "1945"]
[PlyCount "178"]
[EventDate "2022.02.16"]
[EventType "swiss"]
[EventRounds "7"]
[EventCountry "LTU"]
[SourceTitle "CBM 207 Extra"]
[Source "ChessBase"]
[SourceDate "2022.05.31"]
[SourceVersion "1"]
[SourceVersionDate "2022.05.31"]
[SourceQuality "1"]

1. e4 c6 2. d4 d5 3. e5 Bf5 4. h4 h5 5. Bd3 Qc8 6. Nc3 g6 7. Nge2 Nh6 8. Ng3 Be6 9. Nce2 Nf5 10. Nxf5 Bxf5 11. Bxf5 Qxf5 12. Ng3 Qd7 13. Bg5 Na6 14. c3 Bg7 15. b4 Nc7 16. Bd2 b6 17. f4 e6 18. Nf1 a5 19. a3 Bf8 20. g4 Be7 21. Ng3 hxg4 22. h5 axb4 23. axb4 Rxa1 24. Qxa1 gxh5 25. Nxh5 Qd8 26. Ke2 Kd7 27. f5 exf5 28. Qf1 Ne6 29. Qxf5 g3 30. Qxf7 Kc7 31. Nxg3 Rxh1 32. Nxh1 Qd7 33. Qf3 c5 34. bxc5 bxc5 35. Qd3 cxd4 36. cxd4 Qa4 37. Be3 Qa2+ 38. Kf1 Kd8 39. Ng3 Bg5 40. Bxg5+ Nxg5 41. Qe3 Ne6 42. Ne2 Qb1+ 43. Kf2 Qh7 44. Qf3 Qh2+ 45. Kf1 Nc7 46. Nc3 Qc2 47. Kg1 Qc1+ 48. Kf2 Qd2+ 49. Ne2 Qh6 50. Ke1 Qc6 51. Nc3 Qc4 52. Ne2 Qc6 53. Kd2 Qc4 54. Qf8+ Kd7 55. Qd6+ Kc8 56. e6 Qa2+ 57. Ke3 Qb3+ 58. Kf2 Qh3 59. e7 Qd7 60. Qe5 Ne8 61. Nf4 Qd6 62. Qf5+ Qd7 63. Qf7 Nd6 64. Qf8+ Ne8 65. Nxd5 Qxd5 66. Qxe8+ Kc7 67. Ke3 Qg5+ 68. Kd3 Qf5+ 69. Kc4 Qc2+ 70. Kb4 Qb1+ 71. Kc3 Qc1+ 72. Kd3 Qd1+ 73. Ke4 Qg4+ 74. Ke5 Qg5+ 75. Ke6 Qe3+ 76. Kf7 Qf4+ 77. Kg8 Qg5+ 78. Kh7 Qh4+ 79. Kg6 Qg4+ 80. Kh6 Qh4+ 81. Kg6 Qg4+ 82. Kh7 Qh4+ 83. Kg7 Qg5+ 84. Kh8 Qh6+ 85. Kg8 Qg5+ 86. Kf8 Qh6+ 87. Kf7 Qh5+ 88. Kf8 Qh8+ 89. Kf7 Qh5+ 1/2-1/2

[Event "Taujenai Manor Cup"]
[Site "Taujenai"]
[Date "2021.11.28"]
[Round "5"]
[White "Bagdanskis, Dangis"]
[Black "Zaura, Vidmantas"]
[Result "1-0"]
[WhiteElo "1861"]
[BlackElo "1971"]
[PlyCount "73"]
[EventDate "2021.11.27"]
[EventType "swiss (rapid)"]
[EventRounds "9"]
[EventCountry "LTU"]
[SourceTitle "EXT 2023"]
[Source "ChessBase"]
[SourceDate "2022.10.05"]
[SourceVersion "1"]
[SourceVersionDate "2022.10.05"]
[SourceQuality "1"]

1. d4 Nf6 2. Nf3 d5 3. Bf4 c6 4. c3 Bf5 5. Qb3 Qb6 6. Nbd2 Nbd7 7. h3 h6 8. e3 e6 9. Be2 Be7 10. 0-0 0-0 11. a4 Qxb3 12. Nxb3 Rfc8 13. Na5 b6 14. Nb3 a5 15. Nbd2 c5 16. Bb5 c4 17. Ne5 Nxe5 18. Bxe5 Ra7 19. f3 Bd3 20. Rfe1 Ne8 21. b3 Nd6 22. Bxd6 Bxd6 23. bxc4 Bg3 24. Rec1 dxc4 25. Nf1 Bd6 26. Kf2 h5 27. Nd2 h4 28. f4 Kf8 29. Nf3 Be7 30. Ne5 Be4 31. Nd7+ Kg8 32. Nxb6 Rcc7 33. Nxc4 Rab7 34. Nd2 f5 35. Nf3 Rb8 36. Ne5 Rbc8 37. Bd7 1-0

[Event "Taujenai Manor Cup"]
[Site "Taujenai"]
[Date "2021.11.27"]
[Round "4"]
[White "Bagdanskis, Dangis"]
[Black "Valantiejus, Vaidotas"]
[Result "1/2-1/2"]
[WhiteElo "1861"]
[BlackElo "1962"]
[PlyCount "97"]
[EventDate "2021.11.27"]
[EventType "swiss (rapid)"]
[EventRounds "9"]
[EventCountry "LTU"]
[SourceTitle "EXT 2023"]
[Source "ChessBase"]
[SourceDate "2022.10.05"]
[SourceVersion "1"]
[SourceVersionDate "2022.10.05"]
[SourceQuality "1"]

1. d4 d5 2. Nf3 e6 3. c3 Bd6 4. Bg5 Ne7 5. Nbd2 f6 6. Bh4 Nf5 7. Bg3 Nxg3 8. hxg3 f5 9. e3 Nd7 10. Nh4 0-0 11. f4 Nf6 12. Be2 b6 13. a4 a5 14. Ndf3 Ne4 15. Rh3 Ba6 16. Bxa6 Rxa6 17. Qe2 Ra7 18. Ne5 Bxe5 19. dxe5 Qe8 20. g4 fxg4 21. Qxg4 c5 22. Nf3 Rf5 23. Qh4 g6 24. g4 Rff7 25. Ng5 Nxg5 26. Qxg5 b5 27. axb5 Qxb5 28. 0-0-0 Rab7 29. Rh2 Qa4 30. Rc2 Qe4 31. f5 Qxe5 32. Qd8+ Rf8 33. Qg5 exf5 34. Rcd2 Rd7 35. Rd3 Qe4 36. gxf5 Rxf5 37. Qg3 Rf3 38. Qb8+ Kg7 39. Qc8 Rff7 40. Qxc5 a4 41. Rxd5 Rxd5 42. Rxd5 Rf1+ 43. Rd1 Rxd1+ 44. Kxd1 Qb1+ 45. Kd2 Qxb2+ 46. Kd3 a3 47. Qe7+ Kg8 48. Qe8+ Kg7 49. Qe7+ 1/2-1/2

[Event "LTU-ch sf"]
[Site "Kaunas"]
[Date "2021.09.25"]
[Round "2"]
[White "Narmontas, Raimondas"]
[Black "Bagdanskis, Dangis"]
[Result "1/2-1/2"]
[WhiteElo "1983"]
[BlackElo "1893"]
[PlyCount "36"]
[EventDate "2021.09.24"]
[EventType "swiss"]
[EventRounds "8"]
[EventCountry "LTU"]
[SourceTitle "EXT 2023"]
[Source "ChessBase"]
[SourceDate "2022.10.05"]
[SourceVersion "1"]
[SourceVersionDate "2022.10.05"]
[SourceQuality "1"]

1. e4 e5 2. Bc4 Bc5 3. b4 Bd6 4. Nf3 Nf6 5. 0-0 0-0 6. d3 Qe7 7. c3 c6 8. Bg5 h6 9. Bh4 Bc7 10. a4 d6 11. h3 Be6 12. Nbd2 Nbd7 13. Re1 Rfe8 14. Bb3 Bxb3 15. Qxb3 g5 16. Bg3 Nh5 17. Nf1 Nf8 18. Ne3 Qe6 1/2-1/2

[Event "LTU-ch U18 Rapid"]
[Site "Vilnius"]
[Date "2021.09.18"]
[Round "3"]
[White "Bagdanskis, Dangis"]
[Black "Mickus, Benas"]
[Result "0-1"]
[WhiteElo "1881"]
[BlackElo "1858"]
[PlyCount "126"]
[EventDate "2021.09.18"]
[EventType "swiss (rapid)"]
[EventRounds "7"]
[EventCountry "LTU"]
[SourceTitle "EXT 2023"]
[Source "ChessBase"]
[SourceDate "2022.10.05"]
[SourceVersion "1"]
[SourceVersionDate "2022.10.05"]
[SourceQuality "1"]

1. d4 e6 2. Nf3 d5 3. Bg5 Nf6 4. Nbd2 c5 5. e3 Nc6 6. c3 Bd6 7. Bd3 0-0 8. 0-0 e5 9. dxe5 Nxe5 10. Nxe5 Bxe5 11. f4 Bd6 12. e4 dxe4 13. Nxe4 Be7 14. Qc2 h6 15. Rad1 Qb6 16. Nxf6+ Bxf6 17. Bxf6 Qxf6 18. Be4 Be6 19. c4 Rad8 20. f5 Bc8 21. Rd5 Rxd5 22. Bxd5 Re8 23. Kh1 Bxf5 24. Qf2 Qg6 25. h3 Be6 26. Qxc5 Qd3 27. Rg1 Bxh3 28. Bxf7+ Kxf7 29. Qh5+ Kf8 30. gxh3 Re3 31. Qc5+ Kg8 32. Qc8+ Kh7 33. Kh2 Qd6+ 34. Kh1 Qf4 35. Qg4 Qf6 36. Rg2 Re1+ 37. Kh2 Re5 38. b3 Rg5 39. Qe4+ Qg6 40. Qxg6+ Kxg6 41. Rxg5+ Kxg5 42. Kg3 Kf5 43. b4 Ke5 44. Kg4 g6 45. c5 Kd5 46. Kf4 Kc4 47. Ke5 Kxb4 48. Kf6 Kxc5 49. Kxg6 b5 50. Kxh6 b4 51. Kg7 a5 52. h4 a4 53. h5 b3 54. axb3 a3 55. h6 a2 56. h7 a1Q+ 57. Kg8 Qg1+ 58. Kf8 Qh2 59. Kg7 Qg3+ 60. Kf7 Qf4+ 61. Kg8 Qg5+ 62. Kf7 Qh6 63. b4+ Kd6 0-1

[Event "LTU-ch U18 Rapid"]
[Site "Vilnius"]
[Date "2021.09.18"]
[Round "2"]
[White "Juksta, Karolis"]
[Black "Bagdanskis, Dangis"]
[Result "1-0"]
[WhiteElo "2152"]
[BlackElo "1881"]
[PlyCount "73"]
[EventDate "2021.09.18"]
[EventType "swiss (rapid)"]
[EventRounds "7"]
[EventCountry "LTU"]
[SourceTitle "EXT 2023"]
[Source "ChessBase"]
[SourceDate "2022.10.05"]
[SourceVersion "1"]
[SourceVersionDate "2022.10.05"]
[SourceQuality "1"]

1. d4 d5 2. c4 e6 3. Nc3 Nf6 4. cxd5 exd5 5. Bg5 Nbd7 6. e3 Bd6 7. Bd3 c6 8. Qc2 h6 9. Bh4 0-0 10. Nf3 Re8 11. 0-0-0 Qa5 12. Kb1 Bb4 13. Ne2 Ne4 14. g4 Nf8 15. h3 g5 16. Bg3 Nxg3 17. Nxg3 f6 18. Nf5 Bxf5 19. Bxf5 Kf7 20. h4 Ke7 21. hxg5 hxg5 22. Rh6 Rad8 23. Rdh1 Rd6 24. a3 Bxa3 25. bxa3 Qxa3 26. Qc5 Qb3+ 27. Kc1 Red8 28. Bc2 Qa2 29. Kd2 b6 30. Qc3 Rc8 31. Ra1 Qc4 32. Rxa7+ Ke8 33. Qxc4 dxc4 34. Rh8 f5 35. Bxf5 Rcd8 36. Nxg5 c5 37. Rf7 1-0

[Event "Panevezys Kveinys Memorial op"]
[Site "Panevezys"]
[Date "2020.07.03"]
[Round "9"]
[White "Bagdanskis, Dangis"]
[Black "Golsta, Madara"]
[Result "1/2-1/2"]
[WhiteElo "1916"]
[BlackElo "1903"]
[PlyCount "40"]
[EventDate "2020.06.26"]
[EventType "swiss"]
[EventRounds "9"]
[EventCountry "LTU"]
[SourceTitle "CBM 197 Extra"]
[Source "ChessBase"]
[SourceDate "2020.09.30"]
[SourceVersion "1"]
[SourceVersionDate "2020.09.30"]
[SourceQuality "1"]

1. d4 Nf6 2. Nf3 g6 3. c3 Bg7 4. Bg5 0-0 5. e3 b6 6. Bd3 Bb7 7. Nbd2 c5 8. Qc2 d6 9. h4 cxd4 10. exd4 e5 11. dxe5 dxe5 12. 0-0-0 Qc7 13. Bxf6 Bxf6 14. h5 Na6 15. Ne4 Bxe4 16. Bxe4 Rad8 17. Kb1 Rxd1+ 18. Rxd1 Nc5 19. Bd5 Kg7 20. Nd2 Rd8 1/2-1/2